| 000 | 00956nac a22002777a 4500 | ||
|---|---|---|---|
| 001 | BR6600326 | ||
| 003 | BR-BrBNA | ||
| 005 | 20240105113311.0 | ||
| 008 | 230509b bl.|||m| |||| 00| 0 por d | ||
| 040 |
_aBR-BrBNA _bpor _cBiblioteca Nacional de Agricultura |
||
| 072 | _aL00; N10 | ||
| 090 | _a5214 BR6600326 | ||
| 100 | 1 | _aCodo, V. | |
| 110 | 1 |
_aPlano de Melhoramento da Alimentacao e do Manejo do Gado Leiteiro, Rio de Janeiro, GB (Brasil) _97815 |
|
| 245 | 1 | _aInstalacoes para uma granja leiteira e sistema de manejo racional do gado leiteiro | |
| 260 | 3 |
_aRio de Janeiro, GB (Brasil): _c1966. |
|
| 300 | _a26 p. | ||
| 490 |
_aCadernos Leiteiros - Plano de Melhoramento da Alimentacao e do Manejo do Gado Leiteiro (Brazil) _vno. 4 _x |
||
| 650 | _aGADO LEITEIRO | ||
| 650 | _aMANEJO | ||
| 650 | _aGRANJA | ||
| 650 | _aCURRAL | ||
| 650 | _aINSTALACAO AGRICOLA | ||
| 909 |
_a202312 _bLúcia Elande _c55 _dLúcia Elande |
||
| 942 |
_2AGRIS _n0 _cMS |
||
| 999 |
_c262971 _d262971 |
||